LEADER 01065nam a2200277 i 4500 001 000000037090 003 CaOOAMICUS 005 20190409094644.0 008 120406s1955 it u000 u ita u 013 $a7314 040 $aSeMil$bita 100 1 $aPerrin, Joseph-Marie,$c.$0(OLS)http://semarc/name/17623 240 12$aL'Évangile de la joie.$0(OLS)http://semarc/title/406345 245 13$aIl messaggio della gioia /$cJ. M. Perrin. 260 $aMilano :$bEdizioni Paoline,$c1955. 300 $a245 p. ;$c19 cm. 490 0 $aVoci dall'alto ;$v29 500 $aCon dedica autografa 650 4$aMeditazioni.$0(OLS)http://semarc/subject/1352 830 0$aVoci dall'alto ;$v29.$0(OLS)http://semarc/title/196 850 $aSeMil 852 $aSeMil$W1$xVenegono$y1$m2C V 279$j3245$B3245$CSeMilBibl$Z2$F3245 $81 961 $aOmaggio: Deposito 996 $6245$aIl messaggio della gioia$9(OLS)http://semarc/title/51732 996 $6260$aMilano :$bEdizioni Paoline$9(OLS)http://semarc/publisher/32841 LEADER 01534nam a2200289 i 4500 001 000000118144 003 CaOOAMICUS 005 20030922000000.0 008 030922s2003 it u000 u ita u 013 $a90837 040 $aSeMil$bita 100 1 $aViganò, Renata.$0(OLS)http://semarc/name/44608 245 10$aProfessionalità pedagogica e ricerca :$bindagine sui responsabili dei servizi socio-educativi per minori in Lombardia /$cRenata Viganò. 260 $aMilano :$bV&P Università,$c2003. 300 $a170 p. :$btabelle ;$c22 cm. 490 0 $aV&P Università. Pedagogia e scienze dell'educazione. Ricerche 500 $aContiene : Bibliografia. - Dono del Card. Dionigi Tettamanzi. 650 4$aEducatori - Formazione professionale - Lombardia.$0(OLS)http://semarc/subject/21966 650 4$aMinori - Assistenza - Lombardia - Inchieste.$0(OLS)http://semarc/subject/21967 650 4$aServizi sociali per minori - Dirigenti - Lombardia - Inchieste.$0(OLS)http://semarc/subject/21968 830 0$aUniversità. Pedagogia e scienze dell'educazione. Ricerche.$0(OLS)http://semarc/title/10443 850 $aSeMil 852 $aSeMil$W1$xVenegono$y1$m2Q III 124$j73465$B73465$CSeMilBibl$Z2$F76582 $81 941 1 $a5 961 $aOmaggio: Tettamanzi Card. Dionigi 996 $6245$aProfessionalità pedagogica e ricerca :$bindagine sui responsabili dei servizi socio-educativi per minori in Lombardia$9(OLS)http://semarc/title/173528 996 $6260$aMilano :$bV&P Università$9(OLS)http://semarc/publisher/32087